A csomagkezelést támogató informatikai rendszer fejlesztési folyamatai és működési hatásai

Bibliográfiai részletek
Szerző: Bakos Bálint
További közreműködők: Mosonyiné Ádám Gizella
Dokumentumtípus: Diplomadolgozat
Kulcsszavak:erőforrás-fejlesztés
folyamatfejlesztés
informatikai rendszer(ek)
logisztika
logisztikai szolgáltatások
Online Access:http://dolgozattar.uni-bge.hu/60357

MARC

LEADER 00000nta a2200000 i 4500
001 dolg60357
005 20260409150458.0
008 260409suuuu hu om 000 hun d
040 |a BGE Dolgozattár Repozitórium  |b hun 
041 |a hu 
100 1 |a Bakos Bálint 
245 1 2 |a A csomagkezelést támogató informatikai rendszer fejlesztési folyamatai és működési hatásai  |c Bakos Bálint  |h [elektronikus dokumentum] 
520 3 |a A dolgozat a kiscsomagos logisztikai szektor egyik kulcsfontosságú működéstámogató informatikai rendszerének fejlesztési folyamatait és működési hatásait vizsgálja. A kutatás célja annak feltárása, hogyan jelennek meg a fejlesztési igények és hibajegyek a napi logisztikai gyakorlatban, milyen döntési és együttműködési mechanizmusok alakítják a fejlesztési folyamatot, és hogyan befolyásolja a digitalizáció az operáció stabilitását és hatékonyságát. A szakirodalmi háttér a logisztika, a folyamatfejlesztés, az információs rendszerek és a CEP szektor működési sajátosságainak főbb elméleti összefüggéseire épít. A primer kutatás egy félig strukturált szakértői interjúra támaszkodik, amelyet a DPDgroup IT Solutions Hungary Kft. egyik tapasztalt Project Manager / Product Owner munkatársával készítettem. Az interjú alapján részletesen bemutatásra kerül a fejlesztési workflow (hibajegykezelés, elemzés, tervezés, fejlesztés, tesztelés, UAT és élesítés), a kommunikációs és együttműködési gyakorlatok, valamint a digitalizáció hatása a rendszer teljesítményére. A dolgozat megállapításai rávilágítanak arra, hogy a fejlesztések nem csupán technikai változásokat jelentenek, hanem közvetlenül formálják a csomagkezelési folyamatok átláthatóságát, a futárok és depók munkaterhelését, valamint a hálózati működés megbízhatóságát. Az eredmények alapján több fejlesztési javaslat és jövőbeni irány is megfogalmazódik, különös tekintettel a standardizációra, az adatminőség javítására és a szervezeti adaptáció támogatására. 
695 |a erőforrás-fejlesztés 
695 |a folyamatfejlesztés 
695 |a informatikai rendszer(ek) 
695 |a logisztika 
695 |a logisztikai szolgáltatások 
700 1 |a Mosonyiné Ádám Gizella  |e ths 
856 4 0 |u http://dolgozattar.uni-bge.hu/60357/1/Bakos_B%C3%A1lint_H7H7VS.pdf  |z Dokumentum-elérés 
856 4 0 |u http://dolgozattar.uni-bge.hu/60357/2/biralatilap_GM_alap_Bakos%20B%C3%A1lint_2026_janu%C3%A1r.pdf  |z Dokumentum-elérés